Missionary life : a critical contextualization / (Record no. 2179)

MARC details
000 -LEADER
fixed length control field 00608nam a2200205 4500
003 - CONTROL NUMBER IDENTIFIER
control field OSt
005 - DATE AND TIME OF LATEST TRANSACTION
control field 20240715054103.0
008 - FIXED-LENGTH DATA ELEMENTS--GENERAL INFORMATION
fixed length control field 240715b |||||||| |||| 00| 0 eng d
020 ## - INTERNATIONAL STANDARD BOOK NUMBER
International Standard Book Number 9715101623
040 ## - CATALOGING SOURCE
Original cataloging agency DWCL-Main lib.
Transcribing agency OC
082 ## - DEWEY DECIMAL CLASSIFICATION NUMBER
Classification number Fil. 266 M334m 2002
006 - FIXED-LENGTH DATA ELEMENTS--ADDITIONAL MATERIAL CHARACTERISTICS
fixed length control field a
100 ## - MAIN ENTRY--PERSONAL NAME
Personal name Maribao, Joel
245 ## - TITLE STATEMENT
Title Missionary life : a critical contextualization /
260 ## - PUBLICATION, DISTRIBUTION, ETC.
Place of publication, distribution, etc. Philippines :
Name of publisher, distributor, etc. Logos Publications, Inc.,
Date of publication, distribution, etc. c2002.
300 ## - PHYSICAL DESCRIPTION
Other physical details 153 p. : ill. ;
Dimensions 23 cm.
504 ## - BIBLIOGRAPHY, ETC. NOTE
Bibliography, etc. note Includes bibliographical references and index.
650 ## - SUBJECT ADDED ENTRY--TOPICAL TERM
Topical term or geographic name entry element 1. Christian missions.
942 ## - ADDED ENTRY ELEMENTS (KOHA)
Source of classification or shelving scheme Dewey Decimal Classification
Suppress in OPAC No
Koha item type Book-Filipiniana
Call number prefix Fil.
Holdings
Withdrawn status Lost status Source of classification or shelving scheme Damaged status Not for loan Home library Current library Shelving location Date acquired Source of acquisition Total Checkouts Full call number Barcode Date last seen Copy number Price effective from Koha item type Uniform Resource Identifier
    Dewey Decimal Classification     College Library College Library Filipiniana 04/24/2007 Donation   Fil. 266 M334m 2002 CL44486 07/15/2024 c1 07/15/2024 Book-Filipiniana
    Dewey Decimal Classification     College Library College Library Filipiniana 04/24/2007 Donation   Fil. 266 M334m 2002 CL44487 07/15/2024 c2 07/15/2024 Book-Filipiniana
    Dewey Decimal Classification     College Library College Library Filipiniana 02/08/2010 Donation   Fil. 266 M334m 2002 CL47074 07/15/2024 c3 07/15/2024 Book-Filipiniana
    Dewey Decimal Classification     College Library College Library Filipiniana 06/18/2010 Donation   Fil. 266 M334m 2002 CL47321 07/15/2024 c4 07/15/2024 Book-Filipiniana
    Dewey Decimal Classification     College Library College Library Filipiniana 06/18/2010 Donation   Fil. 266 M334m 2002 CL47322 07/15/2024 c5 07/15/2024 Book-Filipiniana
    Dewey Decimal Classification     College Library College Library Filipiniana 06/18/2010 Donation   Fil. 266 M334m 2002 CL47323 07/15/2024 c6 07/15/2024 Book-Filipiniana
    Dewey Decimal Classification     College Library College Library Filipiniana 06/18/2010 Donation   Fil. 266 M334m 2002 CL47324 07/15/2024 c7 07/15/2024 Book-Filipiniana
    Dewey Decimal Classification     College Library College Library Filipiniana 06/18/2010 Donation   Fil. 266 M334m 2002 CL47325 07/15/2024 c8 07/15/2024 Book-Filipiniana